000 00552nam a22001937a 4500
003 OSt
005 20210426082608.0
008 210211s1945 ||||| |||| 00| 0 eng d
040 _aeng
_beng
_cDLC
041 _aeng
080 _a821.111
_bT-50
100 _9832
_aThurber, James
245 _aThe Thurber Carnival
_c/ by: Harper and Brothers
260 _aNew York
_b Harper and Brothers
_c1945
300 _a369 p.
_bill.
650 0 _9247
_aEnglish literature
653 _aინგლისური ლიტერატურა
942 _2udc
_cBK
999 _c1345
_d1345